ბათუმის შოთა რუსთაველის სახელმწიფო უნივერსიტეტის ბიბლიოთეკა

ბუნებრივი რესურსების გამოყენება და ბუნების დაცვა. (ბიბ.ჩანაწერი № 35457)

000 -LEADER
fixed length control field 00741nam a2200205Ia 4500
001 - CONTROL NUMBER
control field 1315
003 - CONTROL NUMBER IDENTIFIER
control field GE_BSU
008 - FIXED-LENGTH DATA ELEMENTS--GENERAL INFORMATION
fixed length control field 181216s||||||||xx |||||||||||||| ||und||
040 ## - CATALOGING SOURCE
Transcribing agency GE_BSU
080 ## - UNIVERSAL DECIMAL CLASSIFICATION NUMBER
Universal Decimal Classification number 57(069)+502
100 ## - MAIN ENTRY--PERSONAL NAME
Personal name ჯაყელი, ქრ; ჯაყელი, ოთ;
245 ## - TITLE STATEMENT
Title ბუნებრივი რესურსების გამოყენება და ბუნების დაცვა.
260 ## - PUBLICATION, DISTRIBUTION, ETC.
Place of publication, distribution, etc. თბილისი
260 ## - PUBLICATION, DISTRIBUTION, ETC.
Name of publisher, distributor, etc. თბილისის უნ-ტის გამ-ბა.
260 ## - PUBLICATION, DISTRIBUTION, ETC.
Date of publication, distribution, etc. 1977
300 ## - PHYSICAL DESCRIPTION
Extent 130 გვ. 19 სმ.
653 ## - INDEX TERM--UNCONTROLLED
Uncontrolled term ბუნებრივი რესურსების გამოყენება
942 ## - ADDED ENTRY ELEMENTS (KOHA)
Koha item type წიგნი
ეგზემპლარები
Withdrawn status Lost status Damaged status Not for loan Date acquired Barcode Date last seen Price effective from Koha item type
        2018-12-17 2727 2018-12-17 2018-12-17 წიგნი